Online Catalogue and eLibrary

A study of caste / (Record no. 158)

MARC details
000 -LEADER
fixed length control field 00738cam a2200253 i 4500
001 - CONTROL NUMBER
control field 22844548
005 - DATE AND TIME OF LATEST TRANSACTION
control field 20231206020952.0
008 - FIXED-LENGTH DATA ELEMENTS--GENERAL INFORMATION
fixed length control field 210127r20201922ii 000 0 eng d
020 ## - INTERNATIONAL STANDARD BOOK NUMBER
ISBN 9788121240772
020 ## - INTERNATIONAL STANDARD BOOK NUMBER
ISBN 8121240778
040 ## - CATALOGING SOURCE (பட்டியலாக்க மூலம்)
Original cataloging agency DKAGE
Language of cataloging eng
Description conventions rda
Transcribing agency DKAGE
Modifying agency DKAGE
-- OCLCO
-- OCLCF
-- OCLCO
-- DLC
082 04 - DDC Classification
Class No. 305.51220954
DDC Edition Number 23
Item Number - Author Mark LAK.
100 1# - MAIN ENTRY--PERSONAL NAME
Personal name Lakshmi Narasu, P.
245 12 - TITLE STATEMENT
Title A study of caste /
Statement of responsibility, etc. P. Lakshmi Narasu.
250 ## - EDITION STATEMENT
Edition statement 2nd impression.
260 ## - PUBLICATION, DISTRIBUTION, ETC.
Place of publication, distribution, etc. New delhi.
Name of publisher, distributor, etc. Asian Educational Publication,
Date of publication, distribution, etc. 1922.
300 ## - PHYSICAL DESCRIPTION
Extent (e.g. Volumes, Pages etc.) vii, 160 p ;
500 ## - GENERAL NOTE
General note Reprint: Originally published: Madras : K.V. Raghavulu, 1922.
650 #0 - SUBJECT ADDED ENTRY--TOPICAL TERM
Topical term or geographic name entry element Caste
650 #6 - SUBJECT ADDED ENTRY--TOPICAL TERM
Topical term or geographic name entry element Castes
650 #7 - SUBJECT ADDED ENTRY--TOPICAL TERM
Topical term or geographic name entry element Caste.
650 #7 - SUBJECT ADDED ENTRY--TOPICAL TERM
Topical term or geographic name entry element Social conditions.
942 ## - Koha item type (Biblio)
Koha item type Books in Stacks (Lending)
Holdings
Lost status Damaged status Collection code Home library Current library Date acquired Full call number Accession Number Item type
    Lending WERC Library WERC Library 12/06/2023 305.51220954 LAK. 627 Books in Stacks (Lending)

© WERC Library